000 00407nam a2200157Ia 4500
008 241212s9999 xx 000 0 und d
020 _a9781789249002
_qpbk
082 _a590
_bREE
100 _aRees, Dr. Paul
245 0 _aKey Questions In Zoo And Aquarium Studies /
250 _aFirst edition
260 _bCabi Publishing,
_c2021
300 _a248 pages
650 _aVeterinary
942 _cENGLISH
999 _c566770
_d566770